Online Catalogue and eLibrary

Oththikai : (Record no. 4320)

MARC details
000 -LEADER
fixed length control field 00403nam a2200157Ia 4500
005 - DATE AND TIME OF LATEST TRANSACTION
control field 20250509070954.0
008 - FIXED-LENGTH DATA ELEMENTS--GENERAL INFORMATION
fixed length control field 240331s9999 xx 000 0 und d
020 ## - INTERNATIONAL STANDARD BOOK NUMBER
ISBN 9559746103
082 ## - DDC Classification
Item Number - Author Mark NEE
Class No. 894
100 ## - MAIN ENTRY--PERSONAL NAME
Personal name Neelavanan,
245 #0 - TITLE STATEMENT
Title Oththikai :
Remainder of title neelavanan kavithaikal
260 ## - PUBLICATION, DISTRIBUTION, ETC.
Place of publication, distribution, etc. Colombo
Name of publisher, distributor, etc. Nannool Pathippagam
Date of publication, distribution, etc. 2001
300 ## - PHYSICAL DESCRIPTION
Extent (e.g. Volumes, Pages etc.) 186 p .,
500 ## - GENERAL NOTE
General note Collection of Tamil Poems
942 ## - Koha item type (Biblio)
Koha item type Books in Stacks (Lending)
Holdings
Lost status Damaged status Collection code Home library Current library Shelving location Date acquired Full call number Accession Number Item type
    Lending WERC Library WERC Library Social Science Cupboard 03/31/2024 894.811 NEE 4384 Books in Stacks (Lending)

© WERC Library